000 00839nam a22002297a 4500
005 20090905110723.0
008 090904t xxu||||| |||| 00| 0 eng d
010 _aB-357025
020 _c45.00
_a9788171873401
035 _aB-357025
037 _bDBAD / PUB
040 _adpl
_bEnglish
082 _aS
245 _aJataka tales:
_ccompiled by H.G. Sadhana Sidh Das
_bconversation between animals to animals /
260 _aNew Delh
_bBook Palace
_c2009
270 _a4598/12-B, Ansari Road, Daryaganj
_bNew Delhi
_e110002
300 _a152p. :
_c20cm(pbk)
_bcol. ill.
650 _aJataka tales
700 _aDas, H.G. Sadhana Sidh
942 _2ddc
_cCH
_hS
_mJAT
999 _c30037
_d30037